书目信息 |
| 题名: |
人文地理学论丛
|
|
| 作者: | 李旭旦 主编 | |
| 分册: | ||
| 出版信息: | 北京 人民教育出版社 1986 |
|
| 页数: | 362页 | |
| 开本: | 26cm | |
| 丛书名: | ||
| 单 册: | ||
| 中图分类: | K90-09 | |
| 科图分类: | ||
| 主题词: | 人文地理--丛刊 , 地理 | |
| 电子资源: | ||
| ISBN: | ||
| 000 | 00608nam0 2200229 45 | |
| 001 | 0185011454 | |
| 005 | 20060412090859.34 | |
| 010 | @dCNY3.45 | |
| 091 | @a7012.0913 | |
| 100 | @a19960215d1985 em y0chiy0121 ea | |
| 101 | 0 | @achi |
| 102 | @aCN@b110000 | |
| 105 | @ay z 000yy | |
| 200 | 10 | @a人文地理学论丛@Aren wen di li xue lun cong@f李旭旦主编@Fli xu dan zhu bian |
| 210 | @a北京@c人民教育出版社@d1986 | |
| 215 | @a362页@d26cm | |
| 606 | @a人文地理@x丛刊 | |
| 606 | 0 | @a地理 |
| 690 | @aK90-09 | |
| 701 | 0 | @a李旭旦@Ali xu dan@4主编 |
| 801 | 0 | @aCN@bNLC@c20060412 |
| 905 | @f1@b156728@dK90-09@e52 | |
| 人文地理学论丛/李旭旦主编.-北京:人民教育出版社,1986 |
| 362页;26cm |
| ISBN :CNY3.45 |
| ● |
| 相关链接 |
|
|
|
|
正题名:人文地理学论丛
索取号:K90-09/52
 
预约/预借
| 序号 | 登录号 | 条形码 | 馆藏地/架位号 | 状态 | 备注 |
| 1 | 0156727 | 202255228 | 密集书库/ [索取号:K90-09/52] | 在馆 | |
| 2 | 0156728 | 000079122 | 第二借阅区/ [索取号:K90-09/52] | 在馆 | |
| 3 | 0156729 | 202092234 | 第二样本阅览室/ [索取号:K90-09/52] | 在馆 |